| 000 | 00561nam a22001577a 4500 | ||
|---|---|---|---|
| 999 |
_c113423 _d113423 |
||
| 005 | 20190801111050.0 | ||
| 008 | 190801b ||||| |||| 00| 0 eng d | ||
| 020 | _a9698455590 | ||
| 040 | _cPK-LaUMT | ||
| 082 |
_aMSC 320.5490095491 _bNIA-P |
||
| 100 | _aNiaz Ahmad Sungharah = نیاز احمد سنگھیڑہ | ||
| 245 |
_aPakistan mien qaum sazi ka amal = پاکستان میں قوم سازی کا عمل / _cby Niaz Ahmad Sungharah = نیاز احمد سنگھیڑہ |
||
| 260 |
_aLahore : _bJamhori Publications, _cNA |
||
| 300 | _a510 p. | ||
| 942 | _cBK | ||